[Event "SR 3. liga A2 2014/2015"]
[Site "?"]
[Date "2014.11.30"]
[Round "4.3"]
[White "Palka, Martin"]
[Black "Jozefovic, Milan"]
[Result "1-0"]
[WhiteElo "1890"]
[BlackElo "1891"]
[PlyCount "93"]
[EventDate "2015.??.??"]

1. Nf3 d5 2. c4 Nf6 3. g3 e6 4. Bg2 Be7 5. O-O O-O 6. b3 Nbd7 7. Bb2 c6 8. d3
Qc7 9. Re1 Bb4 10. Nc3 Qa5 11. Qc2 Qc7 12. a3 Bxc3 13. Bxc3 b6 14. e4 dxc4 15.
dxc4 h6 16. e5 Nh7 17. Rad1 Bb7 18. Rd2 Rfd8 19. Red1 Nhf8 20. Rd6 Nc5 21. b4
Na6 22. Qd3 Rxd6 23. exd6 Qd8 24. Ne5 Nb8 25. b5 Nbd7 26. Nxc6 Bxc6 27. bxc6
Nc5 28. Qd4 Qg5 29. Bb4 e5 30. Qd5 Nce6 31. c7 Rc8 32. Qb7 Qg4 33. f3 Nc5 34.
Bxc5 Qd7 35. Bf2 Ne6 36. Bh3 Rf8 37. Bxe6 fxe6 38. Qxa7 Qc6 39. Qxb6 Qxf3 40.
Rd2 Qxa3 41. Qe3 Qc1+ 42. Qe1 Qxc4 43. Qxe5 Qc1+ 44. Qe1 Qc4 45. Rd1 Kh8 46.
Rc1 Qa6 47. d7 1-0

[Event "SR 3. liga A2 2014/2015"]
[Site "?"]
[Date "2014.11.30"]
[Round "4.3"]
[White "Kocak, Branislav"]
[Black "Skapikova, Lubica"]
[Result "1-0"]
[WhiteElo "1912"]
[BlackElo "1862"]
[PlyCount "147"]
[EventDate "2015.??.??"]

1. d4 e6 2. c4 f5 3. Nc3 Nf6 4. Bg5 Be7 5. Bxf6 Bxf6 6. e4 fxe4 7. Nxe4 O-O 8.
Nf3 b6 9. Be2 Bb7 10. Nxf6+ Qxf6 11. O-O Nc6 12. Qd2 Ne7 13. Qg5 Nf5 14. Qxf6
Rxf6 15. Rad1 Re8 16. Rd2 d6 17. a3 Rg6 18. Rfd1 Rf8 19. d5 Ne7 20. Ne1 exd5
21. cxd5 Rg5 22. h4 Rgf5 23. Bg4 R5f6 24. Nf3 h6 25. h5 Kh7 26. Be6 c6 27. dxc6
Bxc6 28. Nd4 Be8 29. g4 g6 30. hxg6+ Bxg6 31. Rc1 Bf7 32. Rc7 Bxe6 33. Rxe7+
Bf7 34. Rxa7 Rg8 35. f3 Kg6 36. Nf5 Rd8 37. Kf2 h5 38. Kg3 hxg4 39. fxg4 d5 40.
Rh2 Kg5 41. Nd4 Re8 42. Re2 Rxe2 43. Nxe2 Be6 44. Nd4 Bc8 45. Rc7 Ba6 46. b4
Bc4 47. Nf5 Re6 48. Rh7 Re4 49. Rh5+ Kg6 50. Nh4+ Kg7 51. Rg5+ Kf7 52. Nf5 Kf6
53. Rg8 Be2 54. Nd6 Re6 55. g5+ Ke5 56. Nf7+ Ke4 57. Nd8 Re5 58. g6 Rg5+ 59.
Kf2 Bh5 60. g7 Kd3 61. Rh8 Rxg7 62. Rxh5 Rd7 63. Nc6 Rd6 64. Ne5+ Kc3 65. Rh3+
Kd4 66. Nf3+ Kc4 67. Nd2+ Kd4 68. Ke2 Re6+ 69. Kd1 Rc6 70. Nb3+ Ke4 71. Kd2 Rg6
72. Re3+ Kf4 73. Kd3 Rg1 74. Nd2 1-0

[Event "SR 3. liga A2 2014/2015"]
[Site "?"]
[Date "2014.11.30"]
[Round "4.3"]
[White "Palka, Miroslav"]
[Black "Brunovsky, Peter"]
[Result "1-0"]
[WhiteElo "1912"]
[BlackElo "1869"]
[PlyCount "83"]
[EventDate "2015.??.??"]

1. c4 Nf6 2. d4 c5 3. Nf3 g6 4. d5 b5 5. cxb5 a6 6. e3 d6 7. Nc3 Bg7 8. Be2 O-O
9. O-O axb5 10. Bxb5 Ba6 11. Qe2 Bxb5 12. Qxb5 Qa5 13. Qxa5 Rxa5 14. Bd2 Nbd7
15. e4 Rb8 16. b3 Ne8 17. Ne2 Ra6 18. Bc3 Nef6 19. Nd2 Bh6 20. Ng3 Ne8 21. Nc4
Nb6 22. Nxb6 Raxb6 23. Rfe1 Nc7 24. Nf1 Ra6 25. Ne3 Nb5 26. Bb2 Na3 27. Bxa3
Rxa3 28. Nc4 Ra6 29. e5 Bf8 30. f4 Rba8 31. a4 Rb8 32. Ra3 dxe5 33. fxe5 f6 34.
a5 Kf7 35. Re3 Bg7 36. Rf3 Ke8 37. exf6 Bxf6 38. Ra2 Bd4+ 39. Kf1 Rf6 40. Rxf6
Bxf6 41. a6 Ra8 42. a7 1-0

[Event "SR 3. liga A2 2014/2015"]
[Site "?"]
[Date "2014.11.30"]
[Round "4.3"]
[White "Valla, Tomas"]
[Black "Kubik, Peter"]
[Result "1/2-1/2"]
[WhiteElo "1822"]
[BlackElo "1854"]
[PlyCount "65"]
[EventDate "2015.??.??"]

1. e4 d5 2. exd5 Qxd5 3. Nc3 Qa5 4. Bc4 Nf6 5. d3 Bg4 6. f3 Bh5 7. Bd2 c6 8.
Qe2 Nbd7 9. Nd5 Qd8 10. Nf4 Bg6 11. Nxg6 hxg6 12. Nh3 e6 13. Ng5 Nd5 14. d4 Qf6
15. Qd3 Bd6 16. Nh3 Rh4 17. Qe2 Qxd4 18. Bxd5 cxd5 19. O-O-O Qc5 20. f4 O-O-O
21. Be3 Qa5 22. Kb1 Rhh8 23. Ng5 Rhf8 24. c4 Nf6 25. cxd5 Nxd5 26. Bd2 Qb6 27.
g3 Kb8 28. Ne4 Rd7 29. Be1 Rfd8 30. Bf2 Qa5 31. Rd3 Bf8 32. Rb3 Nb6 33. Rb5
1/2-1/2

[Event "SR 3. liga A2 2014/2015"]
[Site "?"]
[Date "2014.11.30"]
[Round "4.4"]
[White "Varga, David"]
[Black "Kapusta, Petr"]
[Result "1-0"]
[WhiteElo "2315"]
[BlackElo "2112"]
[PlyCount "59"]
[EventDate "2015.??.??"]

1. e4 c5 2. Nf3 d6 3. d4 cxd4 4. Nxd4 Nf6 5. Nc3 a6 6. Bc4 e6 7. Bb3 Be7 8. f4
O-O 9. Qf3 Qc7 10. g4 Nc6 11. Nxc6 bxc6 12. g5 Nd7 13. Rg1 d5 14. Be3 Bb7 15.
O-O-O Bb4 16. Na4 c5 17. c3 d4 18. cxb4 cxb4+ 19. Kb1 dxe3 20. Qxe3 Bc6 21. f5
exf5 22. exf5 Qa5 23. g6 Bxa4 24. gxf7+ Rxf7 25. Bxf7+ Kxf7 26. Qe6+ Kf8 27. b3
Bb5 28. Qd6+ Kf7 29. Rxg7+ Kxg7 30. Rg1+ 1-0

[Event "SR 3. liga A2 2014/2015"]
[Site "?"]
[Date "2014.11.30"]
[Round "4.4"]
[White "Koutny, Petr"]
[Black "Takacs, Laszlo"]
[Result "1/2-1/2"]
[WhiteElo "2095"]
[BlackElo "2110"]
[PlyCount "94"]
[EventDate "2015.??.??"]

1. e4 c5 2. Nf3 d6 3. d4 cxd4 4. Nxd4 Nf6 5. Nc3 g6 6. Bg5 Bg7 7. Bb5+ Bd7 8.
Qe2 O-O 9. O-O-O a6 10. Bxd7 Nbxd7 11. f4 Qa5 12. Nb3 Qc7 13. Rhe1 Nb6 14. e5
dxe5 15. fxe5 Nfd7 16. Bxe7 Rfe8 17. Bd6 Qc4 18. Qf2 Qg4 19. Kb1 Rac8 20. Re4
Qh5 21. g4 Qh3 22. Rf1 Nxe5 23. Bxe5 Rxe5 24. Rxe5 Bxe5 25. Qxf7+ Kh8 26. Re1
Bxc3 27. Re8+ Rxe8 28. Qxe8+ Kg7 29. Qe7+ Kh6 30. Qf8+ Kg5 31. bxc3 Qe3 32.
Qd8+ Kxg4 33. Qd1+ Kg5 34. Qd8+ Kh6 35. Qh4+ Kg7 36. Qd4+ Qxd4 37. cxd4 Nc4 38.
Nc5 Nd6 39. Kc1 Kf6 40. Kd2 Kf5 41. Kd3 g5 42. c4 h5 43. Nd7 g4 44. c5 Nf7 45.
Ke3 h4 46. d5 Ne5 47. Nxe5 Kxe5 1/2-1/2

[Event "SR 3. liga A2 2014/2015"]
[Site "?"]
[Date "2014.11.30"]
[Round "4.4"]
[White "Blaho, Stefan"]
[Black "Stanec, Stanislav"]
[Result "0-1"]
[WhiteElo "2119"]
[BlackElo "2162"]
[PlyCount "146"]
[EventDate "2015.??.??"]

1. d4 d5 2. c4 e6 3. Nc3 Nf6 4. Bg5 Be7 5. e3 O-O 6. cxd5 Nxd5 7. Bxe7 Qxe7 8.
Nf3 Nxc3 9. bxc3 c5 10. Bd3 Nc6 11. O-O b6 12. Qb1 h6 13. Bh7+ Kh8 14. Be4 Bb7
15. Re1 Rac8 16. d5 Na5 17. dxe6 Bxe4 18. Qxe4 Rc6 19. Rad1 Rxe6 20. Qd5 Nc6
21. Qd7 Rd8 22. Qxe7 Rxe7 23. Rxd8+ Nxd8 24. Rd1 Nc6 25. Kf1 Kg8 26. Rd6 Rc7
27. Ke2 Kf8 28. e4 Ke7 29. Rd5 Nd8 30. Ne5 Ne6 31. Ke3 g5 32. f3 b5 33. g3 a5
34. f4 f6 35. Ng6+ Kf7 36. f5 Ng7 37. g4 Ne8 38. e5 fxe5 39. Nxe5+ Ke7 40. Ng6+
Kf7 41. Rd8 b4 42. c4 Nf6 43. h3 h5 44. gxh5 Nxh5 45. Ke4 Rb7 46. Ra8 b3 47.
axb3 Rxb3 48. Ne5+ Kg7 49. Ra7+ Kg8 50. Kd5 Nf4+ 51. Kxc5 Rxh3 52. f6 Nd3+ 53.
Kd6 Nxe5 54. Kxe5 Rf3 55. Rxa5 g4 56. Ra7 g3 57. c5 Rc3 58. Rg7+ Kf8 59. Kd6
Rf3 60. Kd7 Rd3+ 61. Kc7 Ra3 62. Kb6 Rb3+ 63. Kc7 Ra3 64. Re7 g2 65. Re1 Kf7
66. c6 Kxf6 67. Rg1 Ra2 68. Kc8 Ke5 69. Re1+ Kd6 70. Rc1 Rc2 71. Rxc2 g1=Q 72.
c7 Qg8+ 73. Kb7 Qb3+ 0-1

[Event "SR 3. liga A2 2014/2015"]
[Site "?"]
[Date "2014.11.30"]
[Round "4.4"]
[White "Hudacek, Josef"]
[Black "Rachela, Jozef"]
[Result "1/2-1/2"]
[WhiteElo "2037"]
[BlackElo "2048"]
[PlyCount "90"]
[EventDate "2015.??.??"]

1. e4 e5 2. Nf3 Nc6 3. Bb5 a6 4. Ba4 Nf6 5. O-O b5 6. Bb3 Be7 7. Re1 d6 8. c3
O-O 9. d4 Bg4 10. Be3 Na5 11. Bc2 Nc4 12. Bc1 c5 13. b3 Nb6 14. dxe5 Bxf3 15.
Qxf3 dxe5 16. Nd2 Qd7 17. h3 Qe6 18. Nf1 Rfd8 19. Be3 Nbd7 20. Qe2 Nb8 21. f4
Nc6 22. f5 Qc8 23. Qf2 Nd7 24. g4 b4 25. c4 Nd4 26. Bd1 Qc6 27. Bd2 a5 28. a4
bxa3 29. Rxa3 Rdb8 30. Ne3 Bg5 31. Nd5 Qh6 32. Bxg5 Qxg5 33. Qe3 Qh4 34. g5 f6
35. gxf6 Nxf6 36. Nxf6+ Qxf6 37. Kh2 a4 38. Rxa4 Rxa4 39. bxa4 Rb2+ 40. Kh1 Qh4
41. Rg1 h5 42. Rg2 Rb1 43. Rg1 Rb2 44. Rg2 Rb1 45. Rg1 Rb2 1/2-1/2

[Event "SR 3. liga A2 2014/2015"]
[Site "?"]
[Date "2014.11.30"]
[Round "4.4"]
[White "Kalmar, Tamas"]
[Black "Vepy, Ivan"]
[Result "1-0"]
[WhiteElo "1966"]
[BlackElo "1923"]
[PlyCount "117"]
[EventDate "2015.??.??"]

1. d4 Nf6 2. c4 e6 3. Nc3 d5 4. Bg5 Be7 5. e3 O-O 6. Nf3 b6 7. cxd5 Nxd5 8.
Bxe7 Nxe7 9. Be2 Bb7 10. O-O Nd7 11. Qc2 Rc8 12. Rfd1 c6 13. Ng5 Ng6 14. Nge4
Qe7 15. Rac1 Nf6 16. Nxf6+ Qxf6 17. Ne4 Qe7 18. Rd2 Rfd8 19. Rcd1 c5 20. dxc5
Rxd2 21. Rxd2 Bxe4 22. Qxe4 Qxc5 23. Qa4 Qc1+ 24. Qd1 Qxd1+ 25. Bxd1 Kf8 26.
Kf1 Ke7 27. Ke2 Ne5 28. Ba4 Rc7 29. Rc2 Rxc2+ 30. Bxc2 h6 31. b3 Kd6 32. f4 Nc6
33. a3 e5 34. Kd3 exf4 35. exf4 Kd5 36. b4 a5 37. Bb3+ Kd6 38. bxa5 Nxa5 39.
Bxf7 Kc5 40. g4 Nc6 41. h4 Ne7 42. h5 Nc6 43. Be8 Ne7 44. Ke4 Kd6 45. g5 Ke6
46. Bb5 Kd6 47. Ba4 Ke6 48. Bb3+ Kd6 49. Ba2 hxg5 50. fxg5 b5 51. Bf7 Nc8 52.
h6 gxh6 53. gxh6 Ke7 54. Bb3 Kf6 55. h7 Kg7 56. Bg8 Nb6 57. Kd4 Na4 58. Bb3
Kxh7 59. Bc4 {time} 1-0

[Event "SR 3. liga A2 2014/2015"]
[Site "?"]
[Date "2014.11.30"]
[Round "4.4"]
[White "Jarabek, Milan"]
[Black "Kahancova, Jana"]
[Result "0-1"]
[WhiteElo "1690"]
[BlackElo "1717"]
[PlyCount "46"]
[EventDate "2015.??.??"]

1. e4 {0} e5 2. Nf3 Nc6 3. Bb5 a6 4. Ba4 Nf6 5. O-O d6 6. Re1 b5 7. Bb3 Na5 8.
d4 Nxb3 9. axb3 Bb7 10. Bg5 exd4 11. Qxd4 Be7 12. e5 c5 13. Qh4 dxe5 14. Rxe5
O-O 15. Nbd2 Re8 16. Rae1 Bc6 17. Qg3 Nd5 18. Rxe7 Nxe7 19. Bf6 Nf5 20. Rxe8+
Qxe8 21. Qg5 Qe6 22. Ne5 Bb7 23. Ng4 Kf8 0-1

[Event "SR 3. liga A2 2014/2015"]
[Site "?"]
[Date "2014.11.30"]
[Round "4.4"]
[White "Gogora, Kristian"]
[Black "Vogl, Zdenek"]
[Result "0-1"]
[WhiteElo "1528"]
[BlackElo "1909"]
[PlyCount "48"]
[EventDate "2015.??.??"]

1. d4 {0} e6 {0} 2. c4 Nf6 3. Nc3 b6 4. Nf3 Bb7 5. Bg5 Be7 6. e3 h6 7. Bh4 O-O
8. Be2 Ne4 9. Bxe7 Qxe7 10. O-O Nxc3 11. bxc3 c5 12. Qd2 d6 13. Rfd1 Rd8 14.
Qc2 Nd7 15. Rd2 Nf6 16. Rdd1 e5 17. Ne1 Re8 18. f3 exd4 19. e4 dxc3 20. Qxc3
Nh5 21. Qe3 f5 22. Bf1 fxe4 23. fxe4 Bxe4 24. Qe2 Nf6 0-1

[Event "SR 3. liga A2 2014/2015"]
[Site "?"]
[Date "2014.11.30"]
[Round "4.4"]
[White "Antalek, Rudolf"]
[Black "Bugar, Peter"]
[Result "1-0"]
[WhiteElo "1532"]
[BlackElo "1582"]
[PlyCount "75"]
[EventDate "2015.??.??"]

1. c4 {0} Nf6 {0} 2. Nc3 e5 3. g3 d5 4. cxd5 Nxd5 5. Bg2 c6 6. Nf3 Nxc3 7. bxc3
Bd6 8. O-O O-O 9. Qc2 Bg4 10. d3 h6 11. Rb1 b5 12. d4 Re8 13. e4 Qf6 14. dxe5
Bxe5 15. Nxe5 Qxe5 16. c4 Qc5 17. Be3 Qxc4 18. Qxc4 bxc4 19. Rb7 a5 20. f3 Be6
21. Rfb1 Nd7 22. Ba7 Rac8 23. f4 f5 24. e5 Kf8 25. Bf1 Red8 26. Rc1 Nb8 27.
Bxc4 Bxc4 28. Rxc4 Rd1+ 29. Kf2 Na6 30. Ke2 Rcd8 31. Rxc6 R1d2+ 32. Kf1 Nb4 33.
Rcc7 Nd5 34. Bc5+ Ke8 35. Rxg7 Nc7 36. Re7+ Kf8 37. Rexc7+ Ke8 38. Re7+ 1-0

[Event "SR 3. liga A2 2014/2015"]
[Site "?"]
[Date "2014.11.30"]
[Round "4.5"]
[White "Kucharek, Jaroslav"]
[Black "Liptak, Tomas"]
[Result "0-1"]
[WhiteElo "2067"]
[BlackElo "2168"]
[PlyCount "77"]
[EventDate "2015.??.??"]

1. e4 c5 2. Nf3 d6 3. d4 cxd4 4. Nxd4 Nf6 5. Nc3 a6 6. Be3 e5 7. Nb3 Be6 8. Be2
Nbd7 9. O-O b5 10. Bf3 Nb6 11. Bxb6 Qxb6 12. Nd5 Nxd5 13. exd5 Bd7 14. Re1 Be7
15. Qd2 O-O 16. Nd4 Rfe8 17. Nc6 Bf8 18. a4 bxa4 19. Rxa4 Qxb2 20. Rb4 Qa3 21.
Reb1 a5 22. R4b3 Qa2 23. Qc3 Bf5 24. Bd1 Qa4 25. g3 Qe4 26. Rb5 Bh3 27. Bf3 Qf5
28. Nxa5 e4 29. Be2 g6 30. Nc6 e3 31. f3 Ra2 32. Rb8 Ra8 33. Rxe8 Rxe8 34. Qd3
Qf6 35. Rb8 Qa1+ 36. Qd1 Qxd1+ 37. Bxd1 e2 38. Bxe2 Rxe2 39. Rd8 0-1

[Event "SR 3. liga A2 2014/2015"]
[Site "?"]
[Date "2014.11.30"]
[Round "4.5"]
[White "Kovacocy, Pavel"]
[Black "Hirmajer, Jan"]
[Result "0-1"]
[WhiteElo "2192"]
[BlackElo "1966"]
[PlyCount "162"]
[EventDate "2015.??.??"]

1. g3 c5 2. Bg2 Nc6 3. d3 g6 4. e4 Bg7 5. f4 e6 6. Nf3 Nge7 7. O-O d6 8. c3 O-O
9. Be3 Rb8 10. a4 b6 11. Na3 Bb7 12. Nc2 Qc7 13. Bf2 Rbc8 14. g4 Na5 15. Qe2
Nac6 16. Bg3 Rce8 17. g5 Qd7 18. Bh3 Qd8 19. Ne3 Bc8 20. Nh4 f5 21. gxf6 Rxf6
22. Nhg2 Rff8 23. Rf2 a6 24. Raf1 b5 25. axb5 axb5 26. Qc2 Na5 27. Bh4 Qb6 28.
Ng4 b4 29. e5 dxe5 30. fxe5 Rxf2 31. Qxf2 Rf8 32. Bf6 bxc3 33. bxc3 Nd5 34. c4
Ne7 35. Qf4 Nac6 36. N2e3 Qd8 37. Nh6+ Bxh6 38. Qxh6 Rf7 39. Rd1 Qd4 40. Qg5
Nf5 41. Bxf5 exf5 42. Kf1 Nxe5 43. Bxe5 Qxe5 44. Nd5 Kg7 45. Re1 Qxh2 46. Re7
Qh3+ 47. Kf2 Qh2+ 48. Ke1 Qd6 49. Re8 h6 50. Qd2 Qg3+ 51. Kd1 Qg1+ 52. Kc2 Bd7
53. Re3 Qa1 54. Nc3 Ba4+ 55. Nxa4 Qxa4+ 56. Kc1 Qa1+ 57. Kc2 f4 58. Re1 Qa2+
59. Kc1 Qxd2+ 60. Kxd2 g5 61. Re5 f3 62. Ke1 Rc7 63. Kf2 Kf6 64. Rd5 g4 65. Kg3
Ke6 66. Rh5 Rf7 67. Rxh6+ Rf6 68. Rh1 f2 69. Rf1 Ke5 70. Kxg4 Kd4 71. Kg3 Kxd3
72. Kg2 Ke2 73. Ra1 Rg6+ 74. Kh2 Kf3 75. Ra3+ Ke4 76. Ra1 Rg1 77. Rxg1 fxg1=Q+
78. Kxg1 Kd4 79. Kf2 Kxc4 80. Ke2 Kb3 81. Kd1 Kb2 0-1

[Event "SR 3. liga A2 2014/2015"]
[Site "?"]
[Date "2014.11.30"]
[Round "4.5"]
[White "Miciak, Emanuel"]
[Black "Cechovic, Stefan"]
[Result "0-1"]
[WhiteElo "1882"]
[BlackElo "2155"]
[PlyCount "62"]
[EventDate "2015.??.??"]

1. d4 f5 2. g3 Nf6 3. Bg2 g6 4. Nh3 Bg7 5. O-O O-O 6. Nd2 d5 7. Nf3 c6 8. Bf4
h6 9. Bxb8 Rxb8 10. Ne5 g5 11. c4 Ng4 12. cxd5 cxd5 13. Qb3 Nxe5 14. dxe5 e6
15. f4 Bd7 16. e3 Bc6 17. Rac1 Re8 18. Rfd1 Qe7 19. Nf2 Rec8 20. Nd3 Bf8 21. a3
Qe8 22. Qa2 Bb5 23. Bf1 Rxc1 24. Rxc1 Rc8 25. Qb1 Bxd3 26. Bxd3 Bc5 27. Re1
gxf4 28. gxf4 Qh5 29. Qc1 Qg4+ 30. Kh1 Qf3+ 31. Kg1 Kh7 0-1

[Event "SR 3. liga A2 2014/2015"]
[Site "?"]
[Date "2014.11.30"]
[Round "4.5"]
[White "Sarmir, Milos"]
[Black "Podjavorinsky, Michal"]
[Result "1-0"]
[WhiteElo "2011"]
[BlackElo "1736"]
[PlyCount "135"]
[EventDate "2015.??.??"]

1. e4 Nf6 2. e5 Nd5 3. d4 d6 4. c4 Nb6 5. Nf3 Nc6 6. exd6 exd6 7. Bd3 Be7 8.
O-O O-O 9. Be3 Nb4 10. Be2 Bf5 11. Nc3 Nc2 12. Rc1 Nxe3 13. fxe3 Bg6 14. Bd3
Re8 15. Bxg6 hxg6 16. Qd3 c6 17. b3 Bf6 18. Ne4 Qe7 19. Nxf6+ gxf6 20. Rce1 Qe4
21. Qc3 d5 22. Nd2 Qh4 23. Re2 Kg7 24. Rf3 f5 25. Ref2 Rh8 26. Nf1 Rh5 27. Rf4
Qe7 28. Ng3 Rg5 29. e4 Re8 30. c5 Nd7 31. exf5 Qe1+ 32. Qxe1 Rxe1+ 33. Rf1
Rxf1+ 34. Kxf1 Nf6 35. fxg6 fxg6 36. Ke2 Nh5 37. Nxh5+ Rxh5 38. h3 Rh8 39. Rf3
Rh4 40. Kd3 Rh8 41. b4 b5 42. Re3 Kf7 43. Ke2 Rh5 44. g4 Rh8 45. Kf2 g5 46. Kg3
Kf6 47. Ra3 Re8 48. Ra6 Re3+ 49. Kg2 Re4 50. Rxc6+ Kf7 51. Rc7+ Kf6 52. Rxa7
Rxd4 53. a3 Rd2+ 54. Kf3 Rd3+ 55. Kg2 Rd2+ 56. Kf1 Rc2 57. Ra5 Ke5 58. Rxb5 Ke4
59. Rb8 Rc1+ 60. Ke2 Rc2+ 61. Kd1 Rf2 62. Rd8 d4 63. c6 Kd3 64. Ke1 Rc2 65. b5
Rc1+ 66. Kf2 Rc2+ 67. Kf3 Re2 68. Rxd4+ 1-0

[Event "SR 3. liga A2 2014/2015"]
[Site "?"]
[Date "2014.11.30"]
[Round "4.5"]
[White "Smrek, Peter"]
[Black "Markuliak, Mario"]
[Result "0-1"]
[WhiteElo "1831"]
[BlackElo "1811"]
[PlyCount "40"]
[EventDate "2015.??.??"]

1. e4 d6 2. d4 Nd7 3. f4 e5 4. Nf3 exf4 5. Bxf4 Be7 6. Bc4 Nb6 7. Bb3 Be6 8. d5
Bg4 9. O-O Qd7 10. a4 a5 11. Qd4 Bxf3 12. Rxf3 Bf6 13. e5 dxe5 14. Bxe5 O-O-O
15. Rc3 Bxe5 16. Qxe5 Nf6 17. Na3 Rhe8 18. Qg3 Nfxd5 19. Rd1 Nxc3 20. Rxd7 Ne2+
0-1

[Event "SR 3. liga A2 2014/2015"]
[Site "?"]
[Date "2014.11.30"]
[Round "4.5"]
[White "Vlkovic, Pavol"]
[Black "Lajda, Dusan"]
[Result "1/2-1/2"]
[WhiteElo "1820"]
[BlackElo "1853"]
[PlyCount "60"]
[EventDate "2015.??.??"]

1. e4 c5 2. Nf3 d6 3. d3 g6 4. g3 Bg7 5. Bg2 Nc6 6. c3 Nf6 7. O-O O-O 8. Re1
Nd7 9. Nbd2 Rb8 10. a4 a6 11. Nf1 b5 12. axb5 axb5 13. Bd2 b4 14. Ne3 bxc3 15.
bxc3 Nde5 16. Nxe5 Nxe5 17. Qc2 Be6 18. Reb1 Nc6 19. f4 f6 20. e5 Qc7 21. Nd5
Rxb1+ 22. Rxb1 Bxd5 23. Bxd5+ Kh8 24. Qa4 Nd8 25. e6 f5 26. Ra1 Bf6 27. Qb5 Kg7
28. Ra8 Nxe6 29. Rxf8 Nxf8 30. Qe8 e6 1/2-1/2

[Event "SR 3. liga A2 2014/2015"]
[Site "?"]
[Date "2014.11.30"]
[Round "4.5"]
[White "Bjel, Jan"]
[Black "Hornak, Pavol"]
[Result "1/2-1/2"]
[WhiteElo "1823"]
[BlackElo "1766"]
[PlyCount "50"]
[EventDate "2015.??.??"]

1. d4 Nf6 2. c4 g6 3. Nf3 Bg7 4. Nc3 O-O 5. e4 d6 6. h3 Nbd7 7. Be2 a6 8. O-O
e5 9. d5 Nc5 10. Qc2 b6 11. Bg5 h6 12. Be3 Nfd7 13. b4 Nb7 14. Nd2 a5 15. a3
Nf6 16. f4 exf4 17. Bxf4 Nd7 18. Nf3 axb4 19. axb4 Rxa1 20. Rxa1 Qf6 21. Bd2
Ne5 22. Rf1 Nxf3+ 23. Rxf3 Qd4+ 24. Kh1 Bd7 25. Qd3 Qxd3 1/2-1/2

[Event "SR 3. liga A2 2014/2015"]
[Site "?"]
[Date "2014.11.30"]
[Round "4.5"]
[White "Kavuljak, Alojz"]
[Black "Bjel, Lubos"]
[Result "0-1"]
[WhiteElo "1645"]
[BlackElo "1760"]
[PlyCount "102"]
[EventDate "2015.??.??"]

1. e4 e6 2. Nf3 d5 3. exd5 exd5 4. d4 Nf6 5. Be2 Bd6 6. Bg5 Be6 7. Nbd2 Nbd7 8.
O-O c6 9. c3 Qc7 10. Re1 h6 11. Bh4 g5 12. Bg3 O-O-O 13. Qa4 Kb8 14. c4 Ne4 15.
cxd5 Bxd5 16. Bc4 Nxd2 17. Nxd2 Nb6 18. Qb3 Nxc4 19. Nxc4 Bxg3 20. fxg3 b5 21.
Rac1 Ka8 22. Qa3 Bxc4 23. Re7 Qb6 24. h3 Rxd4 25. Kh2 Rd3 26. b3 Rhd8 27. Qb4
Be6 28. Qe1 R3d7 29. Rxd7 Rxd7 30. Qe4 Bd5 31. Qf5 Re7 32. a4 Re2 33. Rc2 Rxc2
34. Qxc2 bxa4 35. bxa4 Qb3 36. Qf5 Qb7 37. Qf6 a6 38. a5 c5 39. Qxh6 c4 40.
Qf8+ Ka7 41. Qc5+ Kb8 42. Qf8+ Kc7 43. Qe7+ Kc6 44. Qe8+ Kc5 45. Qe3+ Kb4 46.
Qd2+ c3 47. Qxg5 c2 48. Qd2+ Kb3 49. Qd3+ Kb2 50. Qd4+ Kb1 51. Qd3 Be4 0-1

[Event "SR 3. liga A2 2014/2015"]
[Site "?"]
[Date "2014.11.30"]
[Round "4.6"]
[White "Polasek, Filip"]
[Black "Bisco, Igor"]
[Result "1/2-1/2"]
[WhiteElo "2122"]
[BlackElo "2079"]
[PlyCount "32"]
[EventDate "2015.??.??"]

1. e4 e5 2. Nf3 Nc6 3. Nc3 Nf6 4. Bb5 d6 5. d4 exd4 6. Nxd4 Bd7 7. Bg5 Be7 8.
O-O O-O 9. Re1 Nxd4 10. Qxd4 Bxb5 11. Nxb5 c6 12. Nc3 Qb6 13. Qxb6 axb6 14.
Rad1 Rfd8 15. f4 Kf8 16. a3 Nd7 1/2-1/2

[Event "SR 3. liga A2 2014/2015"]
[Site "?"]
[Date "2014.11.30"]
[Round "4.6"]
[White "Malar, Pavol"]
[Black "Pericka, Tomas"]
[Result "1/2-1/2"]
[WhiteElo "2062"]
[BlackElo "2010"]
[PlyCount "21"]
[EventDate "2015.??.??"]

1. e4 c5 2. Nf3 Nc6 3. Bb5 Nd4 4. Nxd4 cxd4 5. O-O g6 6. d3 e6 7. Nd2 a6 8. Ba4
b5 9. Bb3 Bg7 10. Nf3 Ne7 11. Bg5 1/2-1/2

[Event "SR 3. liga A2 2014/2015"]
[Site "?"]
[Date "2014.11.30"]
[Round "4.6"]
[White "Nemeckay, Rastislav"]
[Black "Slamena, Michal"]
[Result "1/2-1/2"]
[WhiteElo "1985"]
[BlackElo "1993"]
[PlyCount "164"]
[EventDate "2015.??.??"]

1. e4 c5 2. Nf3 d6 3. Bb5+ Bd7 4. Qe2 Nc6 5. c3 Nf6 6. O-O g6 7. d3 Bg7 8. Nbd2
O-O 9. Re1 Rb8 10. Nf1 a6 11. Ba4 b5 12. Bb3 b4 13. cxb4 Nxb4 14. d4 cxd4 15.
Nxd4 Ng4 16. Nc2 Qb6 17. Nxb4 Qxb4 18. Bd2 Qb6 19. Ne3 Nxe3 20. Bxe3 Qb7 21. f3
Rfc8 22. Rac1 a5 23. Rxc8+ Rxc8 24. Rc1 Rxc1+ 25. Bxc1 a4 26. Bc4 Qb4 27. b3
Qc3 28. Be3 Qa1+ 29. Kf2 Qh1 30. h3 Bf6 31. Qf1 Qh2 32. Ke1 Bc3+ 33. Kd1 Qe5
34. Qd3 Kg7 35. f4 Qa5 36. Bd4+ Bxd4 37. Qxd4+ f6 38. Qd5 Qxd5+ 39. Bxd5 h5 40.
b4 e6 41. Bb7 h4 42. a3 Bb5 43. Ke1 Kf7 44. Kf2 Ke7 45. Bc8 Bc6 46. Ke3 f5 47.
exf5 gxf5 48. Kf2 Bb5 49. g3 hxg3+ 50. Kxg3 Kf6 51. Kf2 e5 52. Ke3 d5 53. fxe5+
Kxe5 54. h4 d4+ 55. Kd2 f4 56. Bg4 Bc6 57. Ke2 Be4 58. Bd7 Bc2 59. Bc6 Bg6 60.
Bf3 d3+ 61. Kf2 Be4 62. h5 d2 63. Bd1 Kd4 64. Bxa4 Kc3 65. h6 Bc2 66. Bxc2 Kxc2
67. h7 d1=Q 68. h8=Q Qd2+ 69. Kf3 Qe3+ 70. Kg4 Qg3+ 71. Kf5 f3 72. Qd4 f2 73.
Qc4+ Kd2 74. Qa2+ Ke1 75. Qb1+ Ke2 76. Qb2+ Kf1 77. b5 Kg1 78. Qd4 Qxa3 79. b6
Qf3+ 80. Ke6 Kh2 81. Qh8+ Kg3 82. Qg7+ Qg4+ 1/2-1/2

[Event "SR 3. liga A2 2014/2015"]
[Site "?"]
[Date "2014.11.30"]
[Round "4.6"]
[White "Majtan, Martin"]
[Black "Ocko, Martin"]
[Result "1/2-1/2"]
[WhiteElo "1847"]
[BlackElo "1857"]
[PlyCount "108"]
[EventDate "2015.??.??"]

1. e4 c5 2. Nc3 Nc6 3. g3 g6 4. Bg2 Bg7 5. d3 d6 6. Be3 Nf6 7. Nf3 O-O 8. h3
Bd7 9. Qd2 Qc8 10. Bh6 Rb8 11. Bxg7 Kxg7 12. d4 Nxd4 13. Nxd4 cxd4 14. Qxd4 Qc5
15. Qxc5 dxc5 16. e5 Ng8 17. Rd1 Bf5 18. Be4 Be6 19. g4 f5 20. Bd5 Bxd5 21.
Nxd5 fxg4 22. hxg4 Rbd8 23. Ke2 Rc8 24. Ke3 g5 25. Rh5 h6 26. Rhh1 e6 27. Nc3
Rcd8 28. Ne4 b6 29. Rd6 Rxd6 30. Nxd6 Ne7 31. Nb5 Nd5+ 32. Ke2 a6 33. Na3 Rf4
34. f3 b5 35. Nb1 Nb4 36. c3 Nc6 37. Nd2 Nxe5 38. Ne4 c4 39. Nc5 Rf6 40. Rf1 a5
41. Nb7 Nd3 42. Nd6 Kg6 43. b3 Nf4+ 44. Kd2 cxb3 45. axb3 b4 46. c4 e5 47. Nb7
Ne6 48. Nxa5 Nd4 49. Ke3 Ra6 50. Nb7 Nxb3 51. c5 Nd4 52. Rb1 b3 53. Ke4 Kf6 54.
Kd5 Kg6 1/2-1/2

[Event "SR 3. liga A2 2014/2015"]
[Site "?"]
[Date "2014.11.30"]
[Round "4.6"]
[White "Diviak, Rudolf"]
[Black "Drgon, Matus"]
[Result "1/2-1/2"]
[WhiteElo "1836"]
[BlackElo "1754"]
[PlyCount "80"]
[EventDate "2015.??.??"]

1. e4 c5 2. Bc4 d6 3. c3 e6 4. Qe2 a6 5. Nf3 b5 6. Bb3 Nf6 7. O-O Bb7 8. d3 Be7
9. Nbd2 O-O 10. Re1 Nbd7 11. Nf1 Re8 12. Ng3 h6 13. Bd2 Rb8 14. d4 Ba8 15. Rad1
a5 16. Bc2 Bf8 17. e5 dxe5 18. dxe5 Nd5 19. Qd3 g6 20. Bc1 Qc7 21. h4 c4 22.
Qe2 Nc5 23. h5 Ne7 24. hxg6 fxg6 25. Nd4 Nf5 26. Ne4 Nxe4 27. Bxe4 Qxe5 28.
Bxa8 Qxe2 29. Nxe2 Rxa8 30. Nf4 Kf7 31. Rd7+ Re7 32. Rxe7+ Bxe7 33. Nxe6 g5 34.
Nc7 Rb8 35. Re5 Nd6 36. Be3 Rb7 37. Nd5 Bf8 38. Bc5 Bg7 39. Re2 Ne8 40. Kf1 Nf6
1/2-1/2

[Event "SR 3. liga A2 2014/2015"]
[Site "?"]
[Date "2014.11.30"]
[Round "4.6"]
[White "Janas, Peter"]
[Black "Skapik, Branislav"]
[Result "0-1"]
[WhiteElo "1736"]
[BlackElo "1822"]
[PlyCount "120"]
[EventDate "2015.??.??"]

1. d4 Nf6 2. c4 e6 3. Nf3 h6 4. Nc3 d5 5. e3 Be7 6. Be2 O-O 7. O-O dxc4 8. Bxc4
Nbd7 9. e4 Nb6 10. Bb3 Bb4 11. e5 Nfd5 12. Nxd5 Nxd5 13. a3 Be7 14. Bc2 f5 15.
b4 Bd7 16. Bd3 Qe8 17. Bd2 g5 18. g3 g4 19. Ne1 Qg6 20. Ng2 Bg5 21. Qxg4 fxg4
22. Bxg6 Bxd2 23. Rfd1 Bg5 24. Rd3 Bb5 25. Rb3 Bc4 26. Rb2 Kg7 27. Bh5 Rad8 28.
Bxg4 Ne7 29. f4 Rxd4 30. h3 h5 31. Bxh5 Bh6 32. Rc2 Nf5 33. Kh2 Kh8 34. g4 Ng7
35. Bg6 Bxf4+ 36. Nxf4 Rdxf4 37. Rac1 b5 38. Rd2 Rf2+ 39. Rxf2 Rxf2+ 40. Kg3
Rd2 41. Rc3 Kg8 42. Kf4 c6 43. Ke3 Rd8 44. Kf4 Ne8 45. Bxe8 Rxe8 46. Kg5 Rf8
47. Kg6 Bd5 48. Rc1 Be4+ 49. Kg5 Rf7 50. a4 bxa4 51. Ra1 Bc2 52. Ra2 Rf2 53.
Ra1 Kg7 54. h4 Re2 55. Kf4 Re4+ 56. Kg3 Rxe5 57. Rc1 Re2 58. Kf3 Rh2 59. h5 a3
60. Kg3 Rd2 0-1